000 01106naa a22003017a 4500
001 BR6004580
003 BR-BrBNA
005 20240918172855.0
007 ta
008 230509b bl.||||| |||| 00| 0 por d
040 _aBR-BrBNA
_bpor
_cBiblioteca Nacional de Agricultura
041 _a(Pt)
072 _aL74
_b5212
_bG514
090 _aL74 BR6004580
100 1 _aDobereiner, J.
100 1 _aTokarnia, C.H.
111 1 _a7. Congresso Brasileiro de Veterinaria
_cRecife, PE (Brazil)
_d12 Oct 1957
245 1 _aIntoxicacao de bovinos pela erva de rato (Palicourea marcgravii St. Hil.)no Vale do Itapicuru-Mirim, Maranhao [Brasil]
260 3 _aRecife, PE (Brasil):
_c1961.
500 _aAnais do 7. Congresso Brasileiro de Veterinaria Recife, PE (Brasil): 1961. p. 371-380 (BR6004580-AM)L74
650 _aDISTURBIO ANIMAL
650 _aBOVINO
650 _aINTOXICACAO ANIMAL
650 _aERVA DE RATO
773 0 _tAnais do 7. Congresso Brasileiro de Veterinaria
_b
_wL74 BR6004580
_gRecife, PE (Brasil), 1961. p. 371-380
909 _a202404
_bLucia
_c55
_dLucia Elande
942 _cAM
_2AGRIS
999 _c301849
_d301849